Qui định về xuất cảnh, nhập cảnh, cư trú của người nước ngoài tại Việt Nam

Sách trình bày pháp lệnh nhập cảnh, xuất cảnh, cư trú của nước ngoài tại Việt Nam. Nghị định hướng dẫn thi hành pháp lệnh...Các văn bản hướng dẫn thi hành Pháp lệnh, Nghị định và các qui định có liên quan...

Ausführliche Beschreibung

Gespeichert in:
Bibliographische Detailangaben
Format: Buch
Sprache:Undetermined
Veröffentlicht: Hà Nội Chính trị Quốc gia 2006
Schlagworte:
Tags: Tag hinzufügen
Keine Tags, Fügen Sie den ersten Tag hinzu!
Thư viện lưu trữ: Trung tâm Học liệu Trường Đại học Cần Thơ
LEADER 00870nam a2200181Ia 4500
001 CTU_118612
008 210402s9999 xx 000 0 und d
020 |c 24000 
082 |a 342.597083 
082 |b Qu600 
245 0 |a Qui định về xuất cảnh, nhập cảnh, cư trú của người nước ngoài tại Việt Nam 
260 |a Hà Nội 
260 |b Chính trị Quốc gia 
260 |c 2006 
520 |a Sách trình bày pháp lệnh nhập cảnh, xuất cảnh, cư trú của nước ngoài tại Việt Nam. Nghị định hướng dẫn thi hành pháp lệnh...Các văn bản hướng dẫn thi hành Pháp lệnh, Nghị định và các qui định có liên quan 
650 |a Constitutional law 
904 |i Năm 
980 |a Trung tâm Học liệu Trường Đại học Cần Thơ